[Event "Ruhrgebiet Regionalliga 1819"]
[Site "Nordrheinwestfalen"]
[Date "2019.06.02"]
[Round "11.5"]
[White "Korste, Sebastian"]
[Black "Rumpf, Thomas"]
[Result "1-0"]
[WhiteElo "1922"]
[BlackElo "2014"]
[PlyCount "65"]
[EventDate "2018.09.02"]
[EventType "team-tourn"]
[EventRounds "11"]
[EventCountry "GER"]
[SourceTitle "EXT 2022"]
[Source "ChessBase"]
[SourceDate "2021.10.06"]
[SourceVersion "1"]
[SourceVersionDate "2021.10.06"]
[SourceQuality "1"]
[WhiteTeam "Borbeck Weisse Dame"]
[BlackTeam "Kamen SV"]
[WhiteTeamCountry "GER"]
[BlackTeamCountry "GER"]

1. d4 Nf6 2. Nf3 c5 3. e3 g6 4. Bd3 Bg7 5. 0-0 cxd4 6. exd4 0-0 7. c3 d6 8. Bg5 Nc6 9. Nbd2 h6 10. Bh4 g5 11. Bg3 Bg4 12. h3 Bh5 13. Qc2 Rc8 14. a3 Qd7 15. Rae1 a6 16. Qb1 b5 17. Re2 e6 18. Rfe1 Na5 19. Bh2 g4 20. hxg4 Bxg4 21. Ne4 Nxe4 22. Rxe4 Bf5 23. Rh4 Bxd3 24. Qxd3 Nc4 25. b3 Nb6 26. Ng5 Rfe8 27. Qh7+ Kf8 28. Nxf7 e5 29. Nxh6 Bxh6 30. Qxh6+ Qg7 31. Qxd6+ Kg8 32. Bxe5 Rcd8 33. Qxb6 1-0

[Event "Ruhrgebiet Regionalliga 1819"]
[Site "Nordrheinwestfalen"]
[Date "2019.01.27"]
[Round "6.6"]
[White "Korste, Sebastian"]
[Black "Hombrecher, Kai"]
[Result "1-0"]
[WhiteElo "1922"]
[BlackElo "1851"]
[PlyCount "69"]
[EventDate "2018.09.02"]
[EventType "team-tourn"]
[EventRounds "11"]
[EventCountry "GER"]
[SourceTitle "EXT 2022"]
[Source "ChessBase"]
[SourceDate "2021.10.06"]
[SourceVersion "1"]
[SourceVersionDate "2021.10.06"]
[SourceQuality "1"]
[WhiteTeam "Borbeck Weisse Dame"]
[BlackTeam "Oberhausen SV II"]
[WhiteTeamCountry "GER"]
[BlackTeamCountry "GER"]

1. d4 Nf6 2. c4 g6 3. Nc3 Bg7 4. e4 0-0 5. Be3 d6 6. h3 e5 7. d5 Na6 8. g4 Nc5 9. Qc2 a5 10. Be2 Ne8 11. Nf3 f5 12. gxf5 gxf5 13. Bg5 Bf6 14. Rg1 Bxg5 15. Nxg5 Ng7 16. 0-0-0 Rf6 17. Rg2 Rg6 18. Rdg1 f4 19. Qd1 Qf6 20. h4 h6 21. Nh7 Kxh7 22. Rxg6 Qxg6 23. Rxg6 Kxg6 24. Qg1+ Kf7 25. h5 Bd7 26. Qg6+ Kg8 27. Qxh6 Rf8 28. Qg5 Kh8 29. h6 Ne8 30. Bh5 Rg8 31. Qe7 Nd3+ 32. Kd2 Nc5 33. f3 Rg2+ 34. Ne2 Rg8 35. Bf7 1-0

[Event "Ruhrgebiet Regionalliga 1819"]
[Site "Nordrheinwestfalen"]
[Date "2018.11.11"]
[Round "4.6"]
[White "Korste, Sebastian"]
[Black "Conrad, Joachim"]
[Result "1-0"]
[WhiteElo "1922"]
[BlackElo "1998"]
[PlyCount "53"]
[EventDate "2018.09.02"]
[EventType "team-tourn"]
[EventRounds "11"]
[EventCountry "GER"]
[SourceTitle "EXT 2022"]
[Source "ChessBase"]
[SourceDate "2021.10.06"]
[SourceVersion "1"]
[SourceVersionDate "2021.10.06"]
[SourceQuality "1"]
[WhiteTeam "Borbeck Weisse Dame"]
[BlackTeam "Welper SV"]
[WhiteTeamCountry "GER"]
[BlackTeamCountry "GER"]

1. Nf3 d6 2. d4 Nf6 3. c4 Nbd7 4. Nc3 e5 5. e4 Be7 6. Bd3 c6 7. 0-0 0-0 8. h3 Qc7 9. Be3 Re8 10. Rb1 Bf8 11. d5 a6 12. b4 cxd5 13. Nxd5 Nxd5 14. cxd5 Nf6 15. Rc1 Qd8 16. Qc2 Bd7 17. a4 Rc8 18. Qb3 b5 19. axb5 axb5 20. Ra1 Ra8 21. Rfc1 Qb8 22. Ra5 Rc8 23. Rca1 Qb7 24. Ra7 Rxa7 25. Rxa7 Rc1+ 26. Kh2 Qc8 27. Bxc1 1-0

[Event "Ruhrgebiet Regionalliga 1617"]
[Site "Germany"]
[Date "2017.03.19"]
[Round "8.8"]
[White "Korste, Sebastian"]
[Black "Starp, Klaus"]
[Result "1/2-1/2"]
[WhiteElo "1914"]
[BlackElo "1906"]
[PlyCount "42"]
[EventDate "2016.09.11"]
[EventType "team-tourn"]
[EventRounds "9"]
[EventCountry "GER"]
[SourceTitle "EXT 2022"]
[Source "ChessBase"]
[SourceDate "2021.10.06"]
[SourceVersion "1"]
[SourceVersionDate "2021.10.06"]
[SourceQuality "1"]
[WhiteTeam "Borbeck Weisse Dame"]
[BlackTeam "Ahlen SV"]
[WhiteTeamCountry "GER"]
[BlackTeamCountry "GER"]

1. c4 c5 2. Nc3 Nc6 3. g3 g6 4. Bg2 Bg7 5. Nf3 e5 6. d3 d6 7. a3 Nge7 8. Rb1 a5 9. 0-0 0-0 10. Ne1 Rb8 11. Nc2 Be6 12. Ne3 Qd7 13. Ne4 h6 14. Bd2 f5 15. Nc3 f4 16. Ned5 Bh3 17. Nxe7+ Nxe7 18. Ne4 Bxg2 19. Kxg2 b6 20. b4 axb4 21. axb4 g5 1/2-1/2

[Event "Ruhrgebiet Regionalliga 1617"]
[Site "Germany"]
[Date "2017.02.26"]
[Round "7.8"]
[White "Vierbuchen, Joachim"]
[Black "Korste, Sebastian"]
[Result "1/2-1/2"]
[WhiteElo "1909"]
[BlackElo "1914"]
[PlyCount "156"]
[EventDate "2016.09.11"]
[EventType "team-tourn"]
[EventRounds "9"]
[EventCountry "GER"]
[SourceTitle "EXT 2022"]
[Source "ChessBase"]
[SourceDate "2021.10.06"]
[SourceVersion "1"]
[SourceVersionDate "2021.10.06"]
[SourceQuality "1"]
[WhiteTeam "Hamm SV"]
[BlackTeam "Borbeck Weisse Dame"]
[WhiteTeamCountry "GER"]
[BlackTeamCountry "GER"]

1. d4 e6 2. c4 Nf6 3. Nc3 d5 4. Bg5 Nbd7 5. e3 c6 6. Nf3 Be7 7. Rc1 0-0 8. Bd3 Re8 9. 0-0 Nf8 10. Qe2 N6d7 11. Bxe7 Rxe7 12. e4 e5 13. cxd5 exd4 14. Nxd4 Nf6 15. Qf3 Ng6 16. Nf5 Bxf5 17. Qxf5 Re5 18. Qf3 Rg5 19. g3 cxd5 20. exd5 Ne5 21. Qe2 Qb6 22. Ne4 Nxe4 23. Bxe4 Ng6 24. Qd2 Rg4 25. Rfe1 Rd8 26. b3 Nf4 27. Bf3 Nh3+ 28. Kg2 Nf4+ 29. Kh1 Nh3 30. Qe3 Qxe3 31. Rxe3 Rd4 32. Rc2 Ng5 33. Kg2 Nxf3 34. Kxf3 R4xd5 35. Rc7 Rf5+ 36. Ke2 Ra5 37. a4 b5 38. Ree7 bxa4 39. bxa4 Rxa4 40. Rxf7 Rg4 41. Rxa7 h6 42. f4 Rb8 43. Kf3 Rg6 44. Rfb7 Rc8 45. Rb3 Rc2 46. h3 Rc1 47. Ra8+ Kh7 48. f5 Rf1+ 49. Ke4 Re1+ 50. Kf4 Rc6 51. Ra5 Rc4+ 52. Kf3 Rc2 53. Kg4 Rh1 54. h4 Rc4+ 55. Kf3 Rc2 56. Ra4 Rf1+ 57. Kg4 Rcf2 58. Ra5 Rc2 59. Rb7 Rc4+ 60. Kh3 h5 61. f6 Rxf6 62. Rxh5+ Rh6 63. Rg5 Rg6 64. Rxg6 Kxg6 65. Rb5 Kh6 66. Rb6+ g6 67. Rf6 Kh5 68. Rf4 Rc3 69. Rd4 Rc5 70. Re4 Rb5 71. Re3 Ra5 72. g4+ Kh6 73. Re4 Ra3+ 74. Kg2 Rb3 75. Rf4 Ra3 76. Rf3 Ra4 77. Kg3 Rb4 78. Re3 Ra4 1/2-1/2

[Event "Ruhrgebiet Regionalliga 1617"]
[Site "Germany"]
[Date "2017.02.05"]
[Round "6.8"]
[White "Korste, Sebastian"]
[Black "Nachbar, Benjamin"]
[Result "1/2-1/2"]
[WhiteElo "1898"]
[BlackElo "2107"]
[PlyCount "112"]
[EventDate "2016.09.11"]
[EventType "team-tourn"]
[EventRounds "9"]
[EventCountry "GER"]
[SourceTitle "EXT 2022"]
[Source "ChessBase"]
[SourceDate "2021.10.06"]
[SourceVersion "1"]
[SourceVersionDate "2021.10.06"]
[SourceQuality "1"]
[WhiteTeam "Borbeck Weisse Dame"]
[BlackTeam "Muelheim Nord III"]
[WhiteTeamCountry "GER"]
[BlackTeamCountry "GER"]

1. c4 c5 2. Nc3 g6 3. g3 Bg7 4. Bg2 Nc6 5. d3 d6 6. a3 Bxc3+ 7. bxc3 Qd7 8. Rb1 b6 9. Nf3 Bb7 10. 0-0 f5 11. Re1 Nf6 12. Bg5 0-0 13. Qc1 Ng4 14. a4 Na5 15. Rb5 Bc6 16. h3 Nf6 17. Bh6 Rfe8 18. Qg5 Kh8 19. Qh4 Rac8 20. Bg5 Ng8 21. g4 e6 22. gxf5 exf5 23. Bf6+ Nxf6 24. Qxf6+ Kg8 25. Ng5 Bxg2 26. Kxg2 Qe7 27. Qxe7 Rxe7 28. e4 h6 29. Nf3 fxe4 30. Nd2 Kg7 31. Rxe4 Rce8 32. f3 Nc6 33. Rb1 Rxe4 34. fxe4 Rf8 35. Nf3 Ne5 36. Nxe5 dxe5 37. a5 Rf6 38. axb6 axb6 39. Rd1 Kf7 40. Kg3 Ke6 41. Ra1 Kd7 42. Ra7+ Kc6 43. Rh7 Rd6 44. Rxh6 Rxd3+ 45. Kg4 Rxc3 46. Rxg6+ Kb7 47. h4 Rxc4 48. Kf5 b5 49. h5 Rc1 50. h6 Rh1 51. Kxe5 b4 52. Kd5 b3 53. Kxc5 Rh5+ 54. Kc4 b2 55. Rg1 Rxh6 56. Rb1 Rb6 1/2-1/2

[Event "Ruhrgebiet Regionalliga 1617"]
[Site "Germany"]
[Date "2016.10.02"]
[Round "2.7"]
[White "Korste, Sebastian"]
[Black "Sharma, Danesh"]
[Result "1-0"]
[WhiteElo "1898"]
[BlackElo "1920"]
[PlyCount "73"]
[EventDate "2016.09.11"]
[EventType "team-tourn"]
[EventRounds "9"]
[EventCountry "GER"]
[SourceTitle "EXT 2022"]
[Source "ChessBase"]
[SourceDate "2021.10.06"]
[SourceVersion "1"]
[SourceVersionDate "2021.10.06"]
[SourceQuality "1"]
[WhiteTeam "Borbeck Weisse Dame"]
[BlackTeam "Welper SV"]
[WhiteTeamCountry "GER"]
[BlackTeamCountry "GER"]

1. c4 Nf6 2. Nc3 g6 3. d4 Bg7 4. e4 d6 5. h3 0-0 6. Be3 Nbd7 7. Nf3 c6 8. Be2 e5 9. d5 c5 10. g4 Nb6 11. Nd2 Ne8 12. Rg1 Qe7 13. Qc2 Nc7 14. 0-0-0 a6 15. Rg3 Bd7 16. Qb3 Nc8 17. Rh1 b5 18. h4 Na7 19. g5 Rfb8 20. Qd1 bxc4 21. Nxc4 Nab5 22. Bd2 Nd4 23. Bd3 Bb5 24. h5 Bxc4 25. Bxc4 Ncb5 26. hxg6 hxg6 27. Rh2 Qb7 28. Na4 Nc7 29. Rgh3 Ne8 30. Qg4 Kf8 31. b3 Ke7 32. Ba5 Qa7 33. Rh7 Bf8 34. f4 exf4 35. Qxf4 Bg7 36. Rxg7 Nxg7 37. Qf6+ 1-0

[Event "Ruhrgebiet Regionalliga 1516"]
[Site "Germany"]
[Date "2016.03.13"]
[Round "7.6"]
[White "Korste, Sebastian"]
[Black "Hochstein, Udo"]
[Result "1-0"]
[WhiteElo "1939"]
[BlackElo "1920"]
[PlyCount "63"]
[EventDate "2015.09.13"]
[EventType "team-tourn"]
[EventRounds "9"]
[EventCountry "GER"]
[SourceTitle "EXT 2022"]
[Source "ChessBase"]
[SourceDate "2021.10.06"]
[SourceVersion "1"]
[SourceVersionDate "2021.10.06"]
[SourceQuality "1"]
[WhiteTeam "Borbeck Weisse Dame"]
[BlackTeam "Bochum-Linden"]
[WhiteTeamCountry "GER"]
[BlackTeamCountry "GER"]

1. d4 Nf6 2. c4 g6 3. Nc3 Bg7 4. e4 d6 5. h3 0-0 6. Be3 e5 7. d5 Nh5 8. g3 Na6 9. Be2 Nf6 10. Nf3 Nc5 11. Qc2 Qe7 12. g4 a5 13. Nd2 Na6 14. a3 Bd7 15. g5 Ne8 16. h4 f6 17. gxf6 Nxf6 18. Rg1 Kh8 19. Qd1 Qf7 20. Nf3 h6 21. Qd2 Ng8 22. 0-0-0 Nc5 23. Kc2 Qe8 24. Bxc5 dxc5 25. d6 c6 26. Na4 Nf6 27. Nxc5 b6 28. Nxd7 Nxd7 29. h5 gxh5 30. Nh4 Rf6 31. Nf5 Qf7 32. Rxg7 1-0

[Event "Ruhrgebiet Regionalliga 1516"]
[Site "Germany"]
[Date "2015.09.13"]
[Round "1.7"]
[White "Boehm, Malte"]
[Black "Korste, Sebastian"]
[Result "1-0"]
[WhiteElo "1989"]
[BlackElo "1944"]
[PlyCount "81"]
[EventDate "2015.09.13"]
[EventType "team-tourn"]
[EventRounds "9"]
[EventCountry "GER"]
[SourceTitle "EXT 2022"]
[Source "ChessBase"]
[SourceDate "2021.10.06"]
[SourceVersion "1"]
[SourceVersionDate "2021.10.06"]
[SourceQuality "1"]
[WhiteTeam "Brackel SF"]
[BlackTeam "Borbeck Weisse Dame"]
[WhiteTeamCountry "GER"]
[BlackTeamCountry "GER"]

1. e4 e6 2. d4 d5 3. Nd2 Nf6 4. e5 Nfd7 5. Bd3 c5 6. c3 Nc6 7. Ne2 cxd4 8. cxd4 Qb6 9. Nf3 Bb4+ 10. Kf1 a5 11. h4 Be7 12. Bb1 h6 13. Rh3 Qd8 14. h5 b6 15. Rg3 Bf8 16. Be3 Ba6 17. Kg1 Qe7 18. a3 0-0-0 19. Bd3 Bxd3 20. Qxd3 Kb7 21. Nc3 f6 22. Nh4 g5 23. Ng6 Qh7 24. Qb5 Rg8 25. exf6 Rxg6 26. hxg6 Qxg6 27. Rc1 Na7 28. Qb3 Qxf6 29. Rf3 Qe7 30. Qc2 Rc8 31. Qg6 Qe8 32. Qxe8 Rxe8 33. Rf7 Re7 34. Rxe7 Bxe7 35. f4 gxf4 36. Bxf4 Bg5 37. Bxg5 hxg5 38. Re1 Nf8 39. Rf1 Nd7 40. Rf7 Kc7 41. Rg7 1-0

[Event "NRW Verbandsklasse Group3 1314"]
[Site "Nordrheinwestfalen"]
[Date "2014.03.09"]
[Round "8.3"]
[White "Korste, Sebastian"]
[Black "Fuest, Torsten"]
[Result "1/2-1/2"]
[WhiteElo "1876"]
[BlackElo "1901"]
[PlyCount "59"]
[EventDate "2013.09.08"]
[EventType "team-tourn"]
[EventRounds "9"]
[EventCountry "GER"]
[SourceTitle "EXT 2020"]
[Source "ChessBase"]
[SourceDate "2019.10.17"]
[SourceVersion "1"]
[SourceVersionDate "2019.10.17"]
[SourceQuality "1"]
[WhiteTeam "Weisse Dame Borbeck II"]
[BlackTeam "Boenen SV"]
[WhiteTeamCountry "GER"]
[BlackTeamCountry "GER"]

1. d4 Nf6 2. c4 g6 3. Nc3 Bg7 4. e4 d6 5. h3 0-0 6. Be3 e5 7. d5 a5 8. Nf3 Na6 9. Be2 Nh5 10. a3 Nf4 11. Bf1 f5 12. Rb1 Nc5 13. Bxc5 dxc5 14. g3 Nh5 15. Bd3 Qe7 16. Bc2 Bd7 17. Nd2 Nf6 18. Qe2 Kh8 19. Kf1 c6 20. Re1 Rae8 21. Nb3 b6 22. Nd2 Qf7 23. Na4 cxd5 24. exd5 Rb8 25. Nf3 e4 26. Ne5 Qe8 27. Nxd7 Nxd7 28. f3 exf3 29. Qxf3 Ne5 30. Qf4 1/2-1/2

[Event "NRW Verbandsklasse Group3 1314"]
[Site "Nordrheinwestfalen"]
[Date "2014.02.16"]
[Round "7"]
[White "Vengels, Joachim"]
[Black "Korste, Sebastian"]
[Result "0-1"]
[WhiteElo "1986"]
[BlackElo "1876"]
[PlyCount "82"]
[EventDate "2013.09.08"]
[EventType "team-tourn"]
[EventRounds "9"]
[EventCountry "GER"]
[SourceTitle "EXT 2020"]
[Source "ChessBase"]
[SourceDate "2019.10.17"]
[SourceVersion "1"]
[SourceVersionDate "2019.10.17"]
[SourceQuality "1"]
[WhiteTeam "Hervest Dorsten"]
[BlackTeam "Weisse Dame Borbeck II"]
[WhiteTeamCountry "GER"]
[BlackTeamCountry "GER"]

1. e4 c5 2. d4 cxd4 3. Nf3 e6 4. c3 dxc3 5. Nxc3 a6 6. Bc4 Nc6 7. a3 b5 8. Ba2 Bc5 9. 0-0 Nf6 10. b4 Bb6 11. Qe2 0-0 12. Bg5 Qc7 13. Rac1 Qb8 14. Rfd1 Ng4 15. Bh4 Nd4 16. Rxd4 Bxd4 17. Bg3 Be5 18. Nxe5 Nxe5 19. f4 Nc6 20. f5 Ne5 21. Kh1 d6 22. Rf1 exf5 23. exf5 Bb7 24. Bxe5 dxe5 25. f6 gxf6 26. Ne4 Bxe4 27. Qxe4 Qd6 28. Bb1 Rfd8 29. Qxh7+ Kf8 30. Ba2 Ra7 31. h3 Rc7 32. Rf3 Qd1+ 33. Kh2 Qxf3 34. gxf3 Rd2+ 35. Kg3 Rxa2 36. Qd3 Rcc2 37. f4 Rg2+ 38. Kh4 exf4 39. Qd6+ Kg7 40. Qxa6 Rg6 41. Qa8 Rag2 0-1

[Event "NRW Verbandsklasse Group3 1314"]
[Site "Nordrheinwestfalen"]
[Date "2013.11.24"]
[Round "4.5"]
[White "Schaedlich, Andreas"]
[Black "Korste, Sebastian"]
[Result "0-1"]
[WhiteElo "1929"]
[BlackElo "1876"]
[PlyCount "58"]
[EventDate "2013.09.08"]
[EventType "team-tourn"]
[EventRounds "9"]
[EventCountry "GER"]
[SourceTitle "EXT 2020"]
[Source "ChessBase"]
[SourceDate "2019.10.17"]
[SourceVersion "1"]
[SourceVersionDate "2019.10.17"]
[SourceQuality "1"]
[WhiteTeam "Wacker Bergeborbeck"]
[BlackTeam "Weisse Dame Borbeck II"]
[WhiteTeamCountry "GER"]
[BlackTeamCountry "GER"]

1. e4 c5 2. Bc4 e6 3. c3 d5 4. exd5 exd5 5. Bb3 Nc6 6. d4 Nf6 7. Bg5 Be6 8. Nf3 h6 9. Bh4 Bd6 10. Nbd2 0-0 11. 0-0 a6 12. Re1 g5 13. Bg3 Bxg3 14. hxg3 g4 15. Ne5 cxd4 16. Nxc6 bxc6 17. cxd4 Qb6 18. Nf1 Ne4 19. Rxe4 dxe4 20. Bxe6 fxe6 21. Qxg4+ Kh8 22. Qxe6 Qxb2 23. Qxh6+ Kg8 24. Qe6+ Kh8 25. Qh6+ Kg8 26. Rc1 Qxf2+ 27. Kh2 Ra7 28. Rxc6 Rh7 29. Rg6+ Kh8 0-1

[Event "NRW Verbandsklasse Group3 1314"]
[Site "Nordrheinwestfalen"]
[Date "2013.11.03"]
[Round "3"]
[White "Korste, Sebastian"]
[Black "Stoetzel, Martin"]
[Result "1-0"]
[WhiteElo "1876"]
[BlackElo "1736"]
[PlyCount "61"]
[EventDate "2013.09.08"]
[EventType "team-tourn"]
[EventRounds "9"]
[EventCountry "GER"]
[SourceTitle "EXT 2020"]
[Source "ChessBase"]
[SourceDate "2019.10.17"]
[SourceVersion "1"]
[SourceVersionDate "2019.10.17"]
[SourceQuality "1"]
[WhiteTeam "Weisse Dame Borbeck II"]
[BlackTeam "Erkenschwick II"]
[WhiteTeamCountry "GER"]
[BlackTeamCountry "GER"]

1. c4 e5 2. Nc3 Nf6 3. g3 Nc6 4. Bg2 Be7 5. e3 0-0 6. Nge2 d6 7. d4 exd4 8. exd4 Bf5 9. 0-0 Re8 10. a3 a5 11. Re1 Bf8 12. Bg5 h6 13. Bxf6 Qxf6 14. Nd5 Qd8 15. Qd2 Qd7 16. Nec3 Rxe1+ 17. Rxe1 Be6 18. b3 Bxd5 19. Nxd5 Rb8 20. Re4 b5 21. Rh4 bxc4 22. bxc4 Rb1+ 23. Bf1 Qf5 24. Kg2 g5 25. Bd3 Qe6 26. Re4 Ra1 27. Rxe6 fxe6 28. Nxc7 Nxd4 29. Bh7+ Kxh7 30. Qxd4 Rxa3 31. Nxe6 1-0

[Event "Ruhrgebiet VK1 1213"]
[Site "Nordrheinwestfalen"]
[Date "2013.01.13"]
[Round "5.5"]
[White "Cavasin, Joerg"]
[Black "Korste, Sebastian"]
[Result "1/2-1/2"]
[WhiteElo "1850"]
[BlackElo "1897"]
[PlyCount "43"]
[EventDate "2012.09.02"]
[EventType "team-tourn"]
[EventRounds "9"]
[EventCountry "GER"]
[SourceTitle "EXT 2020"]
[Source "ChessBase"]
[SourceDate "2019.10.17"]
[SourceVersion "1"]
[SourceVersionDate "2019.10.17"]
[SourceQuality "1"]
[WhiteTeam "Altenessen"]
[BlackTeam "Weisse Dame Borbeck II"]
[WhiteTeamCountry "GER"]
[BlackTeamCountry "GER"]

1. d4 d5 2. Nf3 Nf6 3. Bg5 Nbd7 4. e3 e6 5. c4 c6 6. Nc3 Be7 7. Qc2 0-0 8. Bd3 h6 9. Bh4 a6 10. a4 a5 11. 0-0 b6 12. cxd5 Nxd5 13. Bxe7 Qxe7 14. Nxd5 cxd5 15. Qc6 Ba6 16. Bxa6 Rxa6 17. Qb7 Rfa8 18. Rfc1 R6a7 19. Qc6 Rb8 20. Ra3 b5 21. axb5 Qb4 22. Qc3 1/2-1/2

[Event "Ruhrgebiet VK1 1112"]
[Site "Nordrheinwestfalen"]
[Date "2012.02.12"]
[Round "6.5"]
[White "Wloka, Sebastian"]
[Black "Korste, Sebastian"]
[Result "0-1"]
[WhiteElo "1923"]
[BlackElo "1915"]
[PlyCount "60"]
[EventDate "2012.09.18"]
[EventType "team-tourn"]
[EventRounds "9"]
[EventCountry "GER"]
[SourceTitle "EXT 2020"]
[Source "ChessBase"]
[SourceDate "2019.10.17"]
[SourceVersion "1"]
[SourceVersionDate "2019.10.17"]
[SourceQuality "1"]
[WhiteTeam "Eichlinghofen SV"]
[BlackTeam "Weisse Dame Borbeck II"]
[WhiteTeamCountry "GER"]
[BlackTeamCountry "GER"]

1. d4 d5 2. c4 e6 3. Nc3 c6 4. Nf3 dxc4 5. e3 b5 6. a4 Bb4 7. Ne5 Qc7 8. Bd2 Bxc3 9. Bxc3 a5 10. axb5 cxb5 11. b3 Bb7 12. bxc4 Ne7 13. c5 b4 14. Bb5+ Nbc6 15. Bb2 0-0 16. Nc4 Na7 17. Rxa5 Nxb5 18. Rxb5 Bxg2 19. Rg1 Qxh2 20. Kd2 Bd5 21. Qg4 Qxf2+ 22. Kc1 Ng6 23. Nd2 Qxe3 24. Rxb4 Rab8 25. Rxb8 Rxb8 26. Qg3 Qf4 27. Qxf4 Nxf4 28. Kc2 h6 29. Ra1 g5 30. Nf1 Be4+ 0-1

[Event "Ruhrgebiet VK1 0910"]
[Site "Ruhrgebiet"]
[Date "2010.02.21"]
[Round "7.6"]
[White "Scheele, Frank"]
[Black "Korste, Sebastian"]
[Result "0-1"]
[WhiteElo "1899"]
[BlackElo "2031"]
[PlyCount "76"]
[EventDate "2009.09.06"]
[EventType "team"]
[EventRounds "9"]
[EventCountry "GER"]
[SourceTitle "EXT 2011"]
[Source "ChessBase"]
[SourceDate "2010.11.26"]
[SourceVersion "1"]
[SourceVersionDate "2010.11.26"]
[SourceQuality "1"]
[WhiteTeam "Hervest Dorsten"]
[BlackTeam "Borbeck Weisse Dame II"]
[WhiteTeamCountry "GER"]
[BlackTeamCountry "GER"]

1. e4 c5 2. Nc3 e6 3. g3 b6 4. Bg2 Bb7 5. Nge2 d6 6. 0-0 a6 7. d4 cxd4 8. Nxd4 Qc7 9. Be3 Nd7 10. Qd2 Ngf6 11. Rac1 Be7 12. h3 0-0 13. f3 Rfd8 14. Rfd1 Rac8 15. Nce2 d5 16. Bf4 e5 17. Nf5 Bf8 18. Bg5 dxe4 19. fxe4 Nc5 20. Qc3 Rxd1+ 21. Rxd1 Nfxe4 22. Bxe4 Bxe4 23. Nh4 Ne6 24. Be3 Bxc2 25. Rd2 Bc5 26. Bxc5 Qxc5+ 27. Qxc5 Rxc5 28. Rd6 g6 29. Rxb6 Bd3 30. Nc3 Nd4 31. Rd6 Ne2+ 32. Nxe2 Bxe2 33. Rd2 Bb5 34. Ng2 Rc1+ 35. Kf2 Rf1+ 36. Ke3 f5 37. Rf2 Rd1 38. h4 Rd3+ 0-1

[Event "Ruhrgebiet VK1 0910"]
[Site "Ruhrgebiet"]
[Date "2010.01.10"]
[Round "5.6"]
[White "Korste, Sebastian"]
[Black "Roitburd, Marina"]
[Result "0-1"]
[WhiteElo "2031"]
[BlackElo "2036"]
[PlyCount "54"]
[EventDate "2009.09.06"]
[EventType "team"]
[EventRounds "9"]
[EventCountry "GER"]
[SourceTitle "EXT 2011"]
[Source "ChessBase"]
[SourceDate "2010.11.26"]
[SourceVersion "1"]
[SourceVersionDate "2010.11.26"]
[SourceQuality "1"]
[WhiteTeam "Borbeck Weisse Dame II"]
[BlackTeam "Muelheim Nord III"]
[WhiteTeamCountry "GER"]
[BlackTeamCountry "GER"]

1. c4 e5 2. Nc3 Nc6 3. Nf3 f5 4. d4 e4 5. Ng5 Bb4 6. Nh3 Nf6 7. e3 0-0 8. Bd2 a5 9. Be2 b6 10. Nf4 Bd6 11. Ncd5 Nxd5 12. Nxd5 Qg5 13. g3 Qh6 14. c5 bxc5 15. dxc5 Be5 16. Bc3 Bxc3+ 17. Nxc3 Ba6 18. Bxa6 Rxa6 19. Nb5 Nb4 20. Qb3+ Kh8 21. Nxc7 Nd3+ 22. Kd2 Nxc5 23. Qc4 Rd6+ 24. Ke2 Qh5+ 25. Kf1 Rd1+ 26. Rxd1 Qxd1+ 27. Kg2 Qf3+ 0-1

[Event "Ruhrgebiet VK1 0910"]
[Site "Ruhrgebiet"]
[Date "2009.10.04"]
[Round "2.6"]
[White "Arnold, Ulrich"]
[Black "Korste, Sebastian"]
[Result "0-1"]
[WhiteElo "1937"]
[BlackElo "2031"]
[PlyCount "66"]
[EventDate "2009.09.06"]
[EventType "team"]
[EventRounds "9"]
[EventCountry "GER"]
[SourceTitle "EXT 2011"]
[Source "ChessBase"]
[SourceDate "2010.11.26"]
[SourceVersion "1"]
[SourceVersionDate "2010.11.26"]
[SourceQuality "1"]
[WhiteTeam "Drewer SG"]
[BlackTeam "Borbeck Weisse Dame II"]
[WhiteTeamCountry "GER"]
[BlackTeamCountry "GER"]

1. c4 c5 2. g3 Nc6 3. Bg2 g6 4. Nf3 Bg7 5. Nc3 Nf6 6. 0-0 0-0 7. d4 cxd4 8. Nxd4 Qb6 9. Ndb5 a6 10. Na4 Qa5 11. Bd2 Qd8 12. Nbc3 d6 13. Rc1 Rb8 14. Be3 Ne5 15. Bb6 Qd7 16. Nd5 Nc6 17. Bc7 Nxd5 18. cxd5 Qxc7 19. dxc6 bxc6 20. Rxc6 Qa5 21. b3 Bd7 22. Rc4 Rfc8 23. Qd5 Qxd5 24. Bxd5 Bb5 25. Rxc8+ Rxc8 26. Nb6 Rc2 27. a4 Bxe2 28. Be4 Rb2 29. Rc1 Bd4 30. Nc4 Rxb3 31. Rc2 Bd3 32. Bxd3 Rxd3 33. Kg2 Rc3 0-1

[Event "NRW-ch U18"]
[Site "Kranenburg"]
[Date "2007.04.14"]
[Round "7"]
[White "Volkov, Mykyta"]
[Black "Korste, Sebastian"]
[Result "1/2-1/2"]
[WhiteElo "2022"]
[BlackElo "1714"]
[PlyCount "63"]
[EventDate "2007.04.09"]
[EventType "swiss"]
[EventRounds "7"]
[EventCountry "GER"]
[SourceTitle "EXT 2008"]
[Source "ChessBase"]
[SourceDate "2007.11.25"]
[SourceVersion "1"]
[SourceVersionDate "2007.11.25"]
[SourceQuality "1"]

1. d4 d5 2. c4 e6 3. Nc3 Nf6 4. Bg5 Nbd7 5. Nf3 c6 6. e3 Be7 7. Qc2 0-0 8. cxd5 exd5 9. Bd3 Re8 10. 0-0 Nf8 11. Bxf6 Bxf6 12. b4 Bg4 13. Nd2 Rc8 14. Bf5 Bxf5 15. Qxf5 Re6 16. a4 Be7 17. Rab1 Bd6 18. g3 Rf6 19. Qd3 Rg6 20. Qf5 Rf6 21. Qh3 Rh6 22. Qg2 Ng6 23. Kh1 Qe7 24. Rfc1 Rd8 25. b5 Bb4 26. Nf3 Ba5 27. bxc6 bxc6 28. Ne2 Bb4 29. Rxc6 Nh4 30. Nxh4 Rxc6 31. Nf4 Qd7 32. Nxd5 1/2-1/2

[Event "NRW U18 op"]
[Site "Olpe"]
[Date "2005.10.01"]
[Round "1.39"]
[White "Korste, Sebastian"]
[Black "Kranz, Janina"]
[Result "1-0"]
[WhiteElo "1600"]
[BlackElo "819"]
[PlyCount "67"]
[EventDate "2005.10.01"]
[EventType "swiss"]
[EventRounds "7"]
[EventCountry "GER"]
[SourceTitle "CBM 108 Extra"]
[Source "ChessBase"]
[SourceDate "2005.11.04"]
[SourceVersion "1"]
[SourceVersionDate "2005.11.04"]
[SourceQuality "1"]

1. c4 Nc6 2. Nc3 Nf6 3. g3 e5 4. Bg2 Be7 5. Nf3 d6 6. 0-0 0-0 7. d3 h6 8. a3 a6 9. b4 Na7 10. Bb2 c6 11. d4 b5 12. cxb5 axb5 13. dxe5 Ne8 14. exd6 Nxd6 15. Qc2 Bf5 16. e4 Bg6 17. Qe2 Bh5 18. Rfd1 Nac8 19. e5 f6 20. exd6 Nxd6 21. Ne4 Qc7 22. Nxd6 Bxd6 23. Qe6+ Bf7 24. Qxd6 Qc8 25. Qc5 Qb7 26. Nd4 Rfe8 27. Bxc6 Qb8 28. Bd5 Ra7 29. Nc6 Qc8 30. Qxa7 Re2 31. Qxf7+ Kh8 32. Ne7 Kh7 33. Bxf6 Qc2 34. Qxg7# 1-0